000
00236nam a2200109Ia 4500
008
190216s9999||||xx |||||||||||||| ||und||
100
_a
Muhamed T C
245
0
_a
Shere Kerala
260
_b
Green House
650
_a
History
942
_c
BK
999
_c
18892
_d
18892